| 000 | 00802nam a2200229 i 4500 | ||
|---|---|---|---|
| 001 | 187029 | ||
| 003 | SpMaBN | ||
| 005 | 20230906222811.0 | ||
| 008 | 170403s1991 sp |||| | spa d | ||
| 020 | _a84-7719-252-9 | ||
| 080 | _a1(38) | ||
| 100 | 1 |
_aSánchez Manzano, María Asunción. _9102748 |
|
| 245 | 1 | 0 |
_aIntroducción al movimiento sofístico griego / _cMª Asunción Sánchez Manzano, Salvador Rus Rufino ; prólogo de Alberto Díaz Tejera. |
| 260 |
_aLeón : _bUniversidad, Secretariado de Publicaciones, _c[1991] |
||
| 300 |
_a194 p. ; _c24 cm. |
||
| 504 | _aBibliografía: p. 185-194. | ||
| 650 | 0 | 7 |
_aSofistas. _917218 |
| 700 | 1 |
_aRus Rufino, Salvador. _9101009 |
|
| 700 | 1 |
_aDíaz Tejera, Alberto. _944434 |
|
| 710 | 2 |
_aUniversidad de León. _97200 |
|
| 852 |
_aES-MaACL _jL-31350 |
||
| 999 |
_c187029 _d187029 |
||